Microwave scanning antenna (Record no. 2942)
[ view plain ]
| 000 -LEADER | |
|---|---|
| fixed length control field | 00614nam a2200193Ia 4500 |
| 003 - CONTROL NUMBER IDENTIFIER | |
| control field | IN-BaIIA |
| 008 - FIXED-LENGTH DATA ELEMENTS--GENERAL INFORMATION | |
| fixed length control field | 211028s9999 xx 000 0 eng d |
| 040 ## - CATALOGING SOURCE | |
| Transcribing agency | IIA Library |
| 080 ## - UNIVERSAL DECIMAL CLASSIFICATION NUMBER | |
| Universal Decimal Classification number | 621.396.67 |
| Item number | HAN-2 |
| 245 #0 - TITLE STATEMENT | |
| Title | Microwave scanning antenna |
| Remainder of title | vol. 2, array theory and practice |
| Statement of responsibility, etc. | edited by R. C. Hansen |
| 260 ## - PUBLICATION, DISTRIBUTION, ETC. | |
| Place of publication, distribution, etc. | New York |
| Name of publisher, distributor, etc. | Academic Press |
| Date of publication, distribution, etc. | 1966 |
| 300 ## - PHYSICAL DESCRIPTION | |
| Extent | xv, 400p. |
| 650 ## - SUBJECT ADDED ENTRY--TOPICAL TERM | |
| Topical term or geographic name entry element | Antennas |
| 9 (RLIN) | 2176 |
| 650 ## - SUBJECT ADDED ENTRY--TOPICAL TERM | |
| Topical term or geographic name entry element | Microwave Scanning |
| 9 (RLIN) | 5249 |
| 650 ## - SUBJECT ADDED ENTRY--TOPICAL TERM | |
| Topical term or geographic name entry element | Microwave Scattering |
| 9 (RLIN) | 5250 |
| 650 ## - SUBJECT ADDED ENTRY--TOPICAL TERM | |
| Topical term or geographic name entry element | NASA Thesaurus |
| 700 ## - ADDED ENTRY--PERSONAL NAME | |
| Personal name | Hansen, R. C., ed. |
| 9 (RLIN) | 5251 |
| 942 ## - ADDED ENTRY ELEMENTS (KOHA) | |
| Koha item type | Books |
| Withdrawn status | Lost status | Damaged status | Not for loan | Home library | Current library | Shelving location | Date acquired | Cost, normal purchase price | Total Checkouts | Full call number | Barcode | Date last seen | Cost, replacement price | Price effective from | Koha item type | Purchase Price |
|---|---|---|---|---|---|---|---|---|---|---|---|---|---|---|---|---|
| IIA Library-Bangalore | IIA Library-Kavalur | General Stacks | 15/06/1967 | 111.60 | 621.396.67/ HAN-2 | 3268 | 05/11/2021 | 111.60 | 15/06/1967 | Books | Rs. 111.60 |